01241nam a2200313Ia 4500001001200000003000800012006001900020007001500039008004100054020002400095020002500119040002100144035002100165050002200186082001600208100002300224245009400247260005300341300002400394500003200418504005100450533015200501600003500653650003100688650003600719655002900755710001700784856012600801ebr10177917CaPaEBRm u cr cn|||||||||051025r20061998enka sb 001 0beng d z0198570643 (pbk.) : z01998501544 (hbk.) : aCaPaEBRcCaPaEBR a(OCoLC)14508033414aQC16b.B63 2006eb04a530.0922221 aCercignani, Carlo.10aLudwig Boltzmannh[electronic resource] :bthe man who trusted atoms /cCarlo Cercignani. aOxford :bOxford University Press,c2006, c1998. axvi, 329 p. :bill. aOriginally published: 1998. aIncludes bibliographical references and index. aElectronic reproduction.bPalo Alto, Calif. :cebrary,d2011.nAvailable via World Wide Web.nAccess may be limited to ebrary affiliated libraries.10aBoltzmann, Ludwig,d1844-1906. 0aAtomic structurexHistory. 0aPhysicistszAustriavBiography. 7aElectronic books.2local2 aebrary, Inc.40uhttp://site.ebrary.com/lib/rucke/Doc?id=10177917zAn electronic book accessible through the World Wide Web; click to view